Pays d'Europe - D'ouest en est - Carte - Statistiques

Statistiques générales
  • Ce quiz a été pris 158 fois
  • Le résultat moyen est 20 sur 46
Réponses sur la Carte
Les réponses sont colorées sur une échelle allant du rouge au vert en fonction du pourcentage des utilisateurs qui les ont devinées à leur premier essai. Vous pouvez retrouver ces pourcentages ci-dessous.
 
Statistiques - réponses
Longitude occidentale Pays % Correct
-24.53 Islande
100%
-9.30 Espagne
99%
-10.67 Irlande
99%
-9.50 Portugal
99%
-8.65 Royaume-Uni
97%
-5.14 France
83%
2.55 Belgique
72%
1.41 Andorre
69%
3.37 Pays-Bas
69%
-7.69 Danemark
65%
4.50 Norvège
64%
5.74 Luxembourg
63%
5.87 Allemagne
62%
6.63 Italie
62%
5.96 Suisse
62%
9.53 Autriche
52%
9.47 Liechtenstein
50%
10.96 Suède
50%
12.09 République Tchèque
48%
7.41 Monaco
47%
12.40 Saint-Marin
40%
13.38 Slovénie
37%
13.49 Croatie
36%
14.12 Pologne
36%
12.45 Vatican
33%
15.73 Bosnie-Herzégovine
29%
16.11 Hongrie
28%
16.83 Slovaquie
28%
14.19 Malte
24%
19.28 Albanie
23%
19.37 Grèce
23%
18.43 Monténégro
23%
18.82 Serbie
23%
19.64 Russie
22%
20.55 Finlande
21%
20.01 Kosovo
19%
20.26 Roumanie
19%
20.97 Lettonie
18%
20.95 Lituanie
18%
21.76 Estonie
17%
20.45 Macédoine du Nord
17%
22.14 Ukraine
17%
22.36 Bulgarie
15%
26.62 Moldavie
15%
23.18 Biélorussie
14%
26.03 Turquie
11%
Aucun quiz correspondant
Distribution des résultats
% des personnes avec chaque résultat
Percentile par nombre de réponses
Votre historique - résultats
Vous n’avez pas pris ce quiz